| Tag |
First Indicator |
Second Indicator |
Subfields |
| LEADER |
00000cam a2200000Ii 4500 |
| 001 |
in00004160913 |
| 008 |
190629t20182018sz ac c 000 0 eng d |
| 005 |
20250318222403.6 |
| 020 |
|
|
|a 9783906803760
|
| 020 |
|
|
|a 3906803767
|q hardbound
|
| 024 |
3 |
|
|a 9783906803760
|
| 035 |
|
|
|a (OCoLC)on1106460363
|
| 035 |
|
|
|a (OCoLC)1106460363
|
| 040 |
|
|
|a OHX
|b eng
|e rda
|c OHX
|d JPG
|d OCLCF
|d FDA
|d YDXIT
|
| 050 |
|
4 |
|a TR655
|b .W37 2018
|
| 072 |
|
7 |
|a TR
|2 lcco
|
| 082 |
0 |
4 |
|a 779.092
|2 23
|
| 100 |
1 |
|
|a Wassmann, Lukas,
|d 1980-
|e artist,
|e editor.
|
| 240 |
1 |
0 |
|a Photographs.
|k Selections
|
| 245 |
1 |
0 |
|a Lukas Wassmann /
|c editing, Bernhard Hegglin [and three others].
|
| 250 |
|
|
|a First edition.
|
| 264 |
|
1 |
|a Zürich :
|b Edition Patrick Frey,
|c 2018.
|
| 264 |
|
4 |
|c ©2018
|
| 300 |
|
|
|a approximately 120 pages :
|b color illustrations, portraits ;
|c 32 cm
|
| 336 |
|
|
|a text
|b txt
|2 rdacontent
|
| 336 |
|
|
|a still image
|b sti
|2 rdacontent
|
| 337 |
|
|
|a unmediated
|b n
|2 rdamedia
|
| 338 |
|
|
|a volume
|b nc
|2 rdacarrier
|
| 500 |
|
|
|a Chiefly illustrated.
|
| 500 |
|
|
|a "Photographs taken from 2000-2018"--Colophon.
|
| 520 |
|
|
|a Wie es der Herangehensweise des Schweizer Fotografen Lukas Wassmann (*1980) entspricht, verschränkt sich im Bildband 'W' Banales mit Bedeutsamem. Wassmanns Bilder mäandern zwischen intimem Schnappschuss, Selbstporträt, gestalteter Natur, Bauten und Menschen, selbst geschaffenen Möbeln und kommerzieller Mode- - oder Dokumentationsfotografie. Vielleicht spricht daraus die Erkenntnis, dass sich die "Dinge des Lebens? eben oft auf Nebenschauplätzen abspielen. Hier geht es um das Dazwischen, nicht um Wassmanns money shots. 'W' versammelt zwischen 2000 und 2018 entstandene Fotografien, die weder einer zeitlichen noch einer thematischen Ordnung folgen. Vielmehr entspinnen sich aus assoziativen Bildabfolgen immer wieder lose Narrative, um abzubrechen und vielleicht irgendwo den Faden wieder aufzunehmen. Charaktere tauchen auf und verschwinden wieder, Choreografien von Formen lösen farbliche Analogien ab. Was zurück bleibt, sind gar nicht einmal konkrete Dinge, sondern eher atmosphärische Spuren, eine Bildsprache der Erinnerung, Momente aus dem Strom des Bewusstseins eines Autors mit einem höchst eigenwilligen fotografischen Blick.
|
| 650 |
|
0 |
|a Photography, Artistic.
|
| 600 |
1 |
0 |
|a Wassmann, Lukas,
|d 1980-
|
| 650 |
|
7 |
|a Photography, Artistic.
|2 fast
|0 (OCoLC)fst01061964
|
| 700 |
1 |
|
|a Hegglin, Bernhard,
|e editor.
|
| 700 |
1 |
|
|a Koller, Andreas,
|e editor.
|
| 700 |
1 |
|
|a Schifferli, Teo,
|e editor.
|
| 852 |
8 |
|
|b pda,print
|z This title is available for the library to purchase for your use. Click the "Purchase It For Me" button to place a request. This item may take 5-10 business days to arrive.
|
| 955 |
|
|
|a Print PDA title
|
| 961 |
|
|
|m 565730
|
| 999 |
f |
f |
|s bcc82535-2114-4f93-8448-56a1898a73fc
|i 871e6010-61c6-3ff7-ab75-3b38f0b67ca2
|t 0
|
| 952 |
f |
f |
|a Texas A&M University
|b College Station
|c Sterling C. Evans Library
|d Purchase on Demand
|t 0
|e TR655 .W37 2018
|h Library of Congress classification
|
| 998 |
f |
f |
|a TR655 .W37 2018
|t 0
|l Purchase on Demand
|